000 02293cam a2200193 4500500
005 20260405000754.0
041 _afre
042 _adc
100 1 0 _aArbi, Safa
_eauthor
700 1 0 _aChanut, Véronique
_eauthor
700 1 0 _aZeribi Ben-Slimane, Olfa
_eauthor
700 1 0 _aMoriez, David Christophe
_eauthor
245 0 0 _aHow to measure employees’ social commitment? Proposal for a multidimensional measurement scale
260 _c2026.
500 _a39
520 _aAlthough employees play a key role in implementing corporate social responsibility (CSR) initiatives, existing research still mainly focuses on their perceptions rather than assessing their actual level of commitment. This study aims to address this gap by developing a multidimensional scale that measures employees’ social commitment through affective, continuance, and normative components. The originality of this work lies in adapting these three dimensions to the CSR context in order to provide a deeper understanding of the motivational dynamics that shape employees’ adherence to social initiatives. The development of the scale was followed by an empirical validation conducted with 172 Tunisian companies operating in the industrial and service sectors. An exploratory factor analysis first identified the construct’s underlying structure, which was subsequently confirmed by a confirmatory factor analysis demonstrating its statistical robustness and internal consistency. The findings show that the scale clearly distinguishes the three forms of commitment and offers a reliable instrument for capturing the mechanisms underpinning employees’ social commitment. The study provides theoretical and methodological contributions by proposing an integrated analytical framework, as well as managerial implications for improving the deployment of CSR initiatives, particularly in complex organizational settings such as multi-actor supply chains.
786 0 _nRevue internationale de psychosociologie et de gestion des comportements organisationnels - RIPCO | XXXII | 1 | 2026-03-04 | p. 31-57 | 2262-8401
856 4 1 _uhttps://shs.cairn.info/journal-revue-internationale-de-psychosociologie-et-de-gestion-des-comportements-organisationnels-ripco-2026-1-page-31?lang=en&redirect-ssocas=7080
999 _c2040673
_d2040673